Statystyki dla Szpaku tracki

Kliknij tutaj aby rozwiązać quiz!

Ogólne statystyki

  • Ten quiz został rozwiązany 77 razy
  • Średni wynik to 28 z 74

Statystyki odpowiedzi

AlbumPieśń% Poprawnych
AtypowyAlicja
82%
Dzieci DuchyDzieci Duchy
76%
Różowa PanteraRóżowa Pantera
76%
BORutoBajka
69%
AtypowyHinata
69%
AtypowyOddajemy krew wampirom
69%
AtypowyUFO
69%
AtypowyW krainie czarów
69%
Dzieci DuchyKochaj Mnie
67%
BORutoBoruto
63%
AtypowyLavender Town
63%
AtypowySzlam
63%
AtypowyJa YETI
61%
BORutoMINIMINI
61%
BORutoŻółwie Ninja
59%
AtypowyMojo jojo
57%
AtypowyZombie
57%
Różowa PanteraWino
55%
Różowa PanteraBiały Miś
53%
Różowa PanteraMłody 2Pac
53%
Dzieci DuchyPająki
51%
Dzieci DuchyĆmy
49%
BORutoKról Lew
49%
BORutoRick and Morty
49%
Dzieci DuchyNa Osiedlu
47%
Różowa PanteraPotwór
47%
Różowa PanteraBal
45%
Różowa PanteraHałas
45%
Dzieci DuchyNoc Polarna
45%
Różowa PanteraZły
45%
BORutoCyklofrenia
43%
Różowa PanteraFanlove
43%
Dzieci DuchyFREESTYLE
43%
Dzieci DuchyKoniec
43%
AtypowyNieważne
43%
Różowa PanteraNPC
43%
Dzieci DuchyStare Graffiti
43%
BORCREW ALBUMDzieci Burzy
41%
Dzieci DuchyOVERHYPE9000
41%
Dzieci DuchyHello Kitty
39%
Dzieci DuchyKABZZLOOK
39%
BORutoMuk
39%
Dzieci DuchyPali Się
39%
Dzieci DuchyUmrzyj Ze Mną
39%
Dzieci DuchyMateusz Dragon Wielki
37%
BORutoMewtwo
35%
Lochy i SmokiKamizelka
33%
SingielGG EASY
27%
Różowa PanteraOśmiogwiazdkowy S*urwiel
27%
BORutoSkit
27%
FeatBól
24%
FeatNajlepsi Pod Słońcem
22%
FeatSępy
22%
Lochy i SmokiCrystal
20%
FeatMOET
20%
FeatNawiedzony Dom
16%
FeatTsunami
14%
FeatBorderline
12%
FeatWschód Końca
10%
lWWA Nie Berlin
10%
Różowa PanteraHot16Challange2
8%
FeatKap Kap
8%
FeatNiepokój
8%
FeatSami Swoi
8%
FeatSowa
8%
FeatKochać bloki
6%
FeatTequila
6%
FeatBunt
4%
FeatGiń za Mnie
4%
FeatKadr
4%
FeatZapomnij o Mnie
4%
FeatBracie Mój
2%
FeatCzasem
2%
FeatGeforce
0%

Rozkład punktacji

Percentyl według liczby udzielonych odpowiedzi

Procent ludzi z każdym wynikiem

Twoja historia wyników

Nie rozwiązałeś tego quizu